[Event "EICC 2019"]
[Site "Skopia"]
[Date "2019.03.24"]
[Round "6.6"]
[White "Hracek, Zbynek"]
[Black "Mamedov, Rauf"]
[Result "1-0"]
[WhiteElo "2578"]
[BlackElo "2701"]
[Annotator "TA"]
[PlyCount "59"]
[EventDate "2019.03.18"]
[EventType "swiss"]
[EventCountry "MKD"]
[SourceTitle "playchess.com"]
[Source "ChessBase"]
[SourceQuality "1"]

{[%evp 26,59,30,26,35,30,40,19,27,20,47,27,18,0,0,0,34,29,30,28,25,28,37,7,9,17,10,13,43,26,45,42,94,107,666,677]} 1. e4 c5 2. Nf3 d6 3. d4 cxd4 4. Nxd4 Nf6 5. Nc3 g6 6. Be3 Bg7 7. f3 Nc6 8. Qd2 O-O 9. O-O-O d5 10. exd5 Nxd5 11. Nxc6 bxc6 12. Bd4 Bxd4 13. Qxd4 Qb6 14. Na4 Qa5 {Hoping for ...e5! B76: Sicilian Dragon: Yugoslav Attack, 9 g4 and 9 0-0-0} (14... Qc7 15. Nc5 Rd8 16. Bc4 Bf5 17. Bb3 h5 18. Kb1 Qf4 19. Nb7 Qxd4 20. Rxd4 Rd7 21. Na5 e5 22. Rdd1 {1-0 (47) Caruana,F (2828)-Edouard,R (2643) chess.com INT 2019}) 15. b3 Qc7 16. Bc4 Rd8 $1 {[#] The position is equal.} 17. g3 $146 ({Predecessor:} 17. Rhe1 Bf5 18. Qe5 Qxe5 19. Rxe5 Bxc2 20. Rd2 Bf5 21. Nc5 h5 22. Bxd5 cxd5 23. Rxe7 {½-½ (33) Smeets,J (2669)-Negi,P (2596) Germany 2010}) 17... Bf5 18. Qc5 {[%cal Rc4d5]} Qe5 {White must now prevent ...Qa1+.} 19. Qd4 Qc7 20. Qc5 {[%cal Rc4d5]} Nb6 (20... Qe5 {feels hotter.}) 21. Nb2 Rd6 22. Rhe1 Rad8 23. Bf1 Be6 24. Rd3 Rd5 25. Rxd5 Rxd5 26. Qc3 Qd6 27. Nc4 {[%cal Bb2c4,Bc4e5,Be5g4][%mdl 32]} Qc5 28. Kb2 Rf5 {[#]} (28... Rh5 $14) 29. Ne5 $1 $16 Qf2 $2 {[%mdl 8192] [#]} (29... Qxc3+ $16 30. Kxc3 Kf8) 30. Ng4 $1 {Accuracy: White = 60%, Black = 33%.} 1-0

[Event "EICC 2019"]
[Site "Skopia"]
[Date "2019.03.24"]
[Round "6.7"]
[White "Grandelius, Nils"]
[Black "Erdos, Viktor"]
[Result "1-0"]
[WhiteElo "2694"]
[BlackElo "2612"]
[Annotator "TA"]
[PlyCount "61"]
[EventDate "2019.03.18"]
[EventType "swiss"]
[EventCountry "MKD"]
[SourceTitle "playchess.com"]
[Source "ChessBase"]
[SourceQuality "1"]

{[%evp 12,61,22,11,38,28,42,25,29,19,17,28,18,15,17,10,25,10,18,16,6,6,78,43,96,107,147,131,204,214,204,210,202,202,202,207,212,205,369,360,342,364,360,372,387,382,381,360,399,360,425,430]} 1. e4 e5 2. Nf3 Nc6 3. Bc4 Bc5 4. c3 d6 5. d3 Nf6 6. O-O Bb6 7. a4 a6 {C54: Giuoco Piano: 4 c3 Nf6, main lines with 5 d4 and 5 d3} 8. Re1 Ne7 9. Nbd2 {[%cal Bb1d2,Bd2f1,Bf1g3][%mdl 32]} (9. a5 Ba7 10. h3 Ng6 11. d4 O-O 12. Nbd2 h6 13. Bd3 Nh5 14. Nf1 Nhf4 15. Bc2 {1-0 (35) Cheparinov,I (2702)-Zhao,J (2601) China 2018}) 9... O-O {White has an edge.} 10. Nf1 c6 11. Ng3 Ng6 12. Bb3 h6 13. h3 d5 14. exd5 $146 ({Predecessor:} 14. Be3 Bc7 15. Bc2 {½-½ (75) Stoyanov,V (2205)-Turner,M (2533) London 2018}) 14... Nxd5 15. d4 exd4 16. Nxd4 Be6 (16... Re8 $11 {keeps the balance.}) 17. Bc2 {aiming for Bxg6.} Bxd4 (17... Bc8 $14) 18. Qxd4 $16 {Hoping for Bxg6.} Ndf4 19. Re4 $1 $36 {[%mdl 2048] Black is under strong pressure.} Qxd4 (19... Nxg2 $16 {was worth a try.} 20. Kxg2 Bd5) 20. cxd4 $18 Nxg2 21. Kxg2 Bd5 {[#] ...f5 is the strong threat.} 22. f3 $1 f5 {[#]} 23. Rf4 $1 Rad8 24. Kf2 (24. Bxf5 Nxf4+ 25. Bxf4 g6 $14) ({Much less strong is} 24. Rxf5 $6 Nh4+ 25. Kf2 Nxf5 $16) 24... Be6 $2 (24... Nxf4 25. Bxf4 Be6) 25. Rxf5 Bxf5 26. Nxf5 ({Not} 26. Bxf5 Nh4 $16) 26... Rf6 27. Be3 Rd5 28. Rg1 Kf7 29. Ng3 Nh4 30. Be4 Rd8 31. Nh5 {[%mdl 64] Double Attack, Discovered Attack. Accuracy: White = 71%, Black = 52%.} 1-0

[Event "EICC 2019"]
[Site "Skopia"]
[Date "2019.03.24"]
[Round "6.8"]
[White "Cheparinov, Ivan"]
[Black "Predke, Alexandr"]
[Result "0-1"]
[WhiteElo "2683"]
[BlackElo "2611"]
[Annotator "TA"]
[PlyCount "92"]
[EventDate "2019.03.18"]
[EventType "swiss"]
[EventCountry "MKD"]
[SourceTitle "playchess.com"]
[Source "ChessBase"]
[SourceQuality "1"]

{[%evp 14,92,0,-39,0,0,0,0,0,0,0,0,0,0,0,4,6,8,0,0,0,0,0,0,0,0,0,0,369,364,457,452,392,204,38,35,27,14,708,202,195,101,88,85,84,82,85,83,81,76,78,12,17,17,14,6,14,-14,-14,-56,-19,-8,0,-135,-135,-248,-204,-194,-187,-655,-637,-687,-655,-1394,-1233,-2035,-1850,-1918,-1445,-4810,-2722]} 1. e4 e5 2. Nf3 Nc6 3. d4 exd4 4. Nxd4 Nf6 5. Nxc6 bxc6 6. e5 Qe7 7. Qe2 Nd5 8. h4 (8. c4 $5 {[%cal Rc4d5]} Ba6 9. Nd2 $11) 8... a5 {C45: Scotch Game} 9. g3 f6 $146 ({Predecessor:} 9... Ba6 10. c4 Nb6 11. b3 a4 12. Bg2 Qe6 13. O-O d5 14. Nd2 Be7 15. Nf3 Qg4 16. Bf4 {1-0 (55) Cheparinov,I (2702)-Xiang,Z (2411) China 2018}) 10. c4 Ba6 {The position is equal.} 11. Nd2 fxe5 12. b3 O-O-O 13. Ne4 Nf6 14. Bh3 h6 15. O-O g5 16. Ba3 Qf7 17. Bxf8 Qxf8 18. b4 Nxe4 19. Qxe4 Qf6 ({Don't play} 19... Qxb4 $6 20. Qxe5 g4 21. Bxg4 $16) 20. bxa5 {Threatens to win with Rab1.} gxh4 $2 {[%mdl 8192]} (20... Kb8 $11 {and Black stays safe.}) 21. Rab1 $18 hxg3 22. fxg3 Qd6 23. Rf3 (23. Rb2 $142 {White wants to mate with Rfb1.} Qa3 24. Rfb1 (24. Qxe5 Bxc4 25. Rfb1 Bb5 $18)) 23... Qc5+ 24. Kh2 {Threatening mate with Rfb3.} Bxc4 ({Wrong is} 24... Qxc4 $2 25. Rfb3 $1 $18 {[%mdl 512]}) 25. Rc3 Bd5 $2 {[%mdl 8192]} (25... Qf2+ $11 26. Qg2 Qxg2+ 27. Bxg2 Be6) 26. Rxc5 $2 (26. Qe2 {[%cal Re2a6]} Qa7 27. Rc2) 26... Bxe4 27. Rb4 (27. Rb2 $1 $18 {And now a6 would win.} Bd3 28. a6 Bxa6 29. Ra5) 27... Bd3 $16 {[#]} 28. a6 $1 {[%cal Ra6a7]} Bxa6 {[#]} 29. Ra5 $1 {[%cal Ra5a6]} Bb5 {Strongly threatening ...Kb7.} 30. a4 Kb7 {aiming for ...Kb6.} 31. axb5 c5 {[%cal Bc6c5,Bc5c4,Bc4c3][%mdl 32]} 32. Rba4 ({White should play} 32. Rb2 $16) 32... d5 33. Ra6 c4 34. Rc6 e4 35. Ra1 Rhf8 36. Rd1 Rf2+ {[%mdl 1024] Black has compensation.} 37. Kg1 Rf3 38. Rg6 (38. Rxc4 $11 Rxg3+ 39. Kh2) 38... c3 $17 39. Bg2 (39. Bg4 $17 Rd3 40. Kf2) 39... Rd3 $19 40. Rc1 Rd6 41. Rxd6 $2 (41. Rg4) 41... cxd6 {KRB-KR. Black is clearly winning.} 42. Rc2 Kb6 43. Kf2 Kxb5 44. Bf1 Kb4 45. Rc1 Rf3+ 46. Ke1 Ka3 {Accuracy: White = 46%, Black = 70%.} 0-1

[Event "EICC 2019"]
[Site "Skopia"]
[Date "2019.03.24"]
[Round "6.9"]
[White "Kovalenko, Igor"]
[Black "Esipenko, Andrey"]
[Result "0-1"]
[WhiteElo "2658"]
[BlackElo "2603"]
[Annotator "TA"]
[PlyCount "176"]
[EventDate "2019.03.18"]
[EventType "swiss"]
[EventCountry "MKD"]
[SourceTitle "playchess.com"]
[Source "ChessBase"]
[SourceQuality "1"]

{[%evp 17,176,0,0,0,0,5,10,0,0,0,0,-4,0,0,16,16,17,0,0,-21,-23,-78,-27,-50,-44,-97,-79,-95,-77,-79,-70,-79,-81,-82,-85,-79,-83,-158,-166,-150,-134,-173,-177,-168,-150,-161,-162,-162,-161,-164,-165,-213,-213,-261,-208,-201,-157,-237,-235,-246,-246,-258,-251,-262,-168,-180,-145,-232,-235,-274,-265,-308,-279,-324,-326,-308,-243,-230,-230,-308,-308,-314,-317,-372,-376,-479,-462,-449,-300,-449,-291,-409,-379,-662,-648,-751,-697,-1166,-1098,-1370,-679,-1748,-1875,-3173,-2046,-29942,-29942,-29939,-8,-5073,-814,-6064,-29940,-29936,-12848,-29938,-5983,-5622,-1702,-6111,-6104,-5565,-5122,-2409,-3190,-2661,-2559,-1989,-1820,-29943,-29940,-29946,-12851,-2073,-8,-8,0,-1431,0,-8,0,0,0,-29976,-29977,-29979,-29980,-29980,-29981,-29981,-29982,-29985,-29986,-29987,-29984,-29986,-29987,-29988,-29989,-29988,-29947]} 1. e4 e5 2. Nf3 Nc6 3. Bc4 Bc5 4. c3 Nf6 5. d4 exd4 6. e5 d5 7. Bb5 Ne4 8. cxd4 Bb6 9. Nc3 O-O 10. Be3 {C54: Giuoco Piano: 4 c3 Nf6, main lines with 5 d4 and 5 d3} Bg4 11. h3 Bh5 12. Qc2 {The position is equal.} Ba5 (12... Bg6 13. Qb3 Ne7 14. O-O c6 15. Bd3 Nd2 16. Nxd2 Bxd3 17. Rfd1 Bg6 {0-1 (58) Aronian,L (2767)-Nakamura,H (2777) chess.com INT 2018}) 13. Be2 {[#]} f6 $146 ({Predecessor:} 13... Bg6 14. Qb3 Bxc3+ 15. bxc3 Na5 16. Qb4 b6 17. O-O Rc8 {½-½ (42) Forcen Esteban,D (2528)-Anton Guijarro,D (2656) Las Palmas 2017}) 14. exf6 Nxf6 15. O-O Qd6 16. Na4 Bb6 17. Rad1 Rae8 18. Nc3 Kh8 19. Qf5 (19. a3 $11 {remains equal.}) 19... Ne7 (19... Bg6 $17 20. Qg5 Ne4 21. Nxe4 Bxe4) 20. Qd3 Ng6 21. Ng5 (21. Na4 $15) 21... c6 $17 22. g4 Nf4 23. Bxf4 Qxf4 $40 {[%mdl 128] White needs to defend precisely.} 24. Qd2 Qxd2 25. Rxd2 Bg6 26. f4 h6 27. f5 (27. Nf3 $142) 27... Bxf5 $1 28. Rxf5 g6 29. Rxf6 Rxf6 30. Nf3 {[#]} Rxe2 $1 {[%mdl 576] Remove Defender} 31. Nxe2 {Black must now prevent Kg2.} Rxf3 $19 {[%mdl 4096] Endgame KRB-KRN} 32. Kg2 Re3 33. Ng1 Kg7 34. Nf3 Re4 35. a4 Ba5 36. Rf2 Be1 37. Rc2 (37. Nxe1 $17 Rxe1 38. a5) 37... Bb4 38. Kf2 Kf6 39. Rc1 Ba5 40. Rf1 h5 41. Kg2 {Nd2+ is the strong threat.} Rf4 42. gxh5 (42. Ne5 $17 Rxf1 43. Kxf1) 42... gxh5 43. Kf2 Re4 44. Kg2 {Strongly threatening Nd2+.} Re2+ 45. Rf2 Rxf2+ 46. Kxf2 {KB-KN} Kf5 47. Ke3 Bd8 48. Ne1 Bg5+ 49. Kf3 Bf6 50. Nc2 a5 51. b3 Be7 52. Ne3+ Ke6 53. Nc2 (53. Ng2 {is the only way for White.} Bg5 54. Ne1) 53... Bf6 54. Kf4 (54. Ke2 $142) 54... b6 {[%cal Bb7b6,Bb6c5][%mdl 32]} 55. Ke3 $2 (55. Kf3 Bg5 56. b4) 55... c5 56. dxc5 bxc5 57. Na3 Ke5 58. Nb5 Bg5+ (58... c4 $142 59. bxc4 dxc4) 59. Ke2 {and the idea Na7 leaves White hopeful.} c4 60. bxc4 dxc4 61. Kd1 Kf4 62. Nd4 Ke4 $2 (62... Kg3 $1 {mates} 63. Ke2 Kxh3 64. Kf3 h4 65. Kf2 Kg4 66. Nc6 c3 67. Nxa5 h3 68. Nb3 c2 69. a5 Bd2 70. a6 Be3+ $1 {[%mdl 576] Promotion} 71. Kxe3 h2 72. Kd2 h1=Q 73. Kxc2 Kf4 74. Kc3 Qc6+ 75. Kb4 Qxa6 76. Nc5 Qc6 77. Nb3 Ke4 78. Nc5+ Kd4 79. Nb3+ Kd5 80. Ka3 Qb5 81. Ka2 Qe2+ 82. Ka3 Kc4 83. Nd4 Kxd4 84. Kb3 Qd2 85. Ka4 Kc4 86. Ka3 Qf2 87. Ka4 Qa7#) 63. Ne6 $2 {[%mdl 8192]} (63. Nc6 $11) 63... Bf6 (63... Be7 $142 64. Kd2 h4) 64. Ke2 Be7 (64... h4 $19 65. Nf8 c3) 65. Kd2 Bb4+ 66. Kc2 Ke5 (66... h4 $142 67. Nc7 Kf3 68. Nd5 Bf8 69. Kc3 Kg3 70. Ne3 Kxh3 71. Nf5 Bb4+ 72. Kxc4 Kg4 73. Ne3+ Kf3 74. Kd3 h3 75. Nf1 Bd6 76. Nd2+ Kg2 77. Nc4 Bc5 78. Nxa5 h2 79. Nb3 Bf2 80. Kc2 h1=Q 81. a5 Qh7+ 82. Kc1 Be3+ 83. Kb2 Qd3 84. Ka2 Qc3 85. a6 Ba7 86. Ka3 Bc5+ 87. Ka2 Qc2+ 88. Ka1 Qxb3 89. a7 Bd4#) 67. Nd8 Kd5 (67... h4 $142 68. Nc6+ Kd5) 68. Nb7 h4 69. Nd8 Kd6 70. Nf7+ Ke6 71. Nd8+ Kd5 72. Kd1 Ke4 73. Kc2 Kf3 74. Nc6 Be1 (74... Bc5 $142 75. Kc3 Kg3 76. Ne5 Kxh3 77. Nf3 Kg3 78. Nxh4 Bb4+ 79. Kxc4 Kxh4 80. Kd4 Kg3 81. Ke3 Bc5+ 82. Ke4 Kf2 83. Kf4 Ke2 84. Ke5 Kd3 85. Kf4 Kc4 86. Ke5 Kb3 87. Kd5 Ba7 88. Ke4 Kxa4 89. Kd5 Kb4 90. Ke4 a4 91. Kd3 a3 92. Kc2 Bc5 93. Kd3 a2 94. Ke4 a1=Q 95. Kf5 Qf1+ 96. Kg4 Be3 97. Kg3 Qe2 98. Kh3 Qf3+ 99. Kh2 Qg4 100. Kh1 Qh3#) 75. Kd1 Bc3 $2 (75... Bf2 $19 76. Nxa5 c3) 76. Kc2 $11 Be1 $2 {[%mdl 8192]} (76... Bg7 $11 77. Nxa5 Kg3 78. Nxc4 Kxh3) 77. Kd1 $1 $19 {[%cal Rd1e1]} Bc3 $2 (77... Bf2 $19 78. Nxa5 c3) 78. Kc2 $11 Kg3 79. Kxc3 Kxh3 {Hoping for ...Kg3. KN-K3P} 80. Nd4 $2 {[%mdl 8192] [#]} ({Don't go for} 80. Kxc4 $2 Kg3 $19) (80. Ne5 $11 Kg3 81. Nxc4) 80... Kg4 $1 {Black mates.} 81. Kxc4 {KN-KPP} h3 82. Nc6 h2 83. Nxa5 h1=Q 84. Kb5 Qd5+ 85. Kb6 Qa8 86. Kb5 Kf5 87. Nc4 Qd5+ 88. Kb4 Qb7+ {Accuracy: White = 35%, Black = 61%.} 0-1

[Event "EICC 2019"]
[Site "Skopia"]
[Date "2019.03.24"]
[Round "6.10"]
[White "Gelfand, Boris"]
[Black "Bartel, Mateusz"]
[Result "1-0"]
[WhiteElo "2655"]
[BlackElo "2600"]
[Annotator "TA"]
[PlyCount "85"]
[EventDate "2019.03.18"]
[EventType "swiss"]
[EventCountry "MKD"]
[SourceTitle "playchess.com"]
[Source "ChessBase"]
[SourceQuality "1"]

{[%evp 11,85,16,11,0,45,35,53,15,8,2,16,10,12,16,37,39,30,35,93,87,83,77,85,72,81,68,99,102,95,29,35,36,34,25,33,16,21,23,27,16,19,39,21,4,4,14,4,4,5,5,5,11,8,12,3,10,35,27,22,0,85,85,70,26,74,80,80,78,372,375,804,767,697,691,666,659]} 1. d4 Nf6 2. c4 e6 3. Nf3 d5 4. g3 dxc4 5. Bg2 c6 6. Ne5 Bb4+ 7. Bd2 {E04: Open Catalan: 5 Nf3} Be7 8. e3 b5 9. b3 $146 {White is slightly better.} ({Predecessor:} 9. Nxc6 Nxc6 10. Bxc6+ Bd7 11. Bxa8 Qxa8 12. f3 e5 13. dxe5 Ng4 14. O-O Nxe5 {½-½ (27) Vidit,S (2711)-Vitiugov,N (2726) Prague 2019}) 9... cxb3 10. axb3 Bb7 11. Ba5 Qc8 12. O-O $36 {[%mdl 2048] White is more active.} c5 13. Bxb7 Qxb7 14. dxc5 Nc6 (14... O-O $14) 15. Nxc6 $1 $16 Qxc6 {[#]} 16. b4 $1 h5 17. Nd2 h4 18. Qf3 Nd5 19. e4 Nf6 20. e5 ({White should play} 20. Qe2 $16) 20... Qxf3 $1 $11 21. Nxf3 Nd5 22. Rfd1 Rc8 23. Ra3 hxg3 24. hxg3 Rh5 25. Kg2 a6 26. Rd4 Kd7 27. Rg4 g6 28. Re4 Kc6 29. Nd4+ Kb7 30. Rf3 Rh7 31. Ne2 Bd8 32. Bxd8 Rxd8 33. Rd4 a5 34. bxa5 Kc6 35. Nc3 (35. Ra3 {is interesting.} Kxc5 36. Ra1 b4 37. Rdd1 Kc6 38. Rdc1+) 35... Ra8 (35... Rhh8 $11 {keeps the balance.}) 36. Nxd5 $16 exd5 {[%mdl 4096] Endgame KRR-KRR} 37. Rd1 (37. Rfd3 $5 {[%cal Rd4d5]}) 37... Rh5 {[#]} 38. Rf6+ $1 Kxc5 39. f4 Rf5 $2 {[%mdl 8192]} (39... g5 $16) 40. Rd6 $18 g5 $2 (40... Rh5 41. R6xd5+ Kc4) 41. Kf3 {White is clearly winning.} gxf4 42. R6xd5+ Kc4 43. Kg4 {[%mdl 64] Trapped Piece. Accuracy: White = 54%, Black = 44%.} 1-0

[Event "EICC 2019"]
[Site "Skopia"]
[Date "2019.03.24"]
[Round "6.11"]
[White "Sychev, Klementy"]
[Black "Anton Guijarro, David"]
[Result "1/2-1/2"]
[WhiteElo "2545"]
[BlackElo "2643"]
[Annotator "TA"]
[PlyCount "58"]
[EventDate "2019.03.18"]
[EventType "swiss"]
[EventCountry "MKD"]
[SourceTitle "playchess.com"]
[Source "ChessBase"]
[SourceQuality "1"]

{[%evp 16,58,18,16,16,16,32,17,18,18,15,16,22,18,17,6,15,14,37,39,73,79,93,92,77,83,87,81,82,83,90,80,91,50,73,39,36,36,53,37,60,35,35,35,28]} 1. e4 e5 2. Nf3 Nc6 3. Bc4 Bc5 4. O-O Nf6 5. d3 {[%cal Bd2d3,Bd3d4][%mdl 32]} d6 6. c3 a5 {C54: Giuoco Piano: 4 c3 Nf6, main lines with 5 d4 and 5 d3} (6... a6 7. a4 h6 8. Re1 O-O 9. h3 a5 10. Bb5 Na7 11. d4 exd4 12. cxd4 Bb4 13. Bd2 Nxb5 14. axb5 Bd7 15. Qb3 Bxb5 16. Bxb4 axb4 17. Rxa8 Qxa8 18. Qxb4 {½-½ (30) Grandelius,N (2694)-Karjakin,S (2753) Astana 2019}) 7. Re1 O-O 8. h3 Be6 9. Bb5 {LiveBook: 5 Games} Ne7 10. d4 Bb6 11. Bd3 $146 ({Predecessor:} 11. Nbd2 Ng6 12. Nf1 exd4 13. Nxd4 c6 14. Ba4 {½-½ (79) Alekseev,E (2622)-Dai,C (2425) St Petersburg 2017}) 11... Ng6 12. Be3 h6 13. Nbd2 c6 14. a4 Re8 15. Qc2 Qc7 16. Rad1 Rad8 17. b3 Kh8 18. Nc4 exd4 19. cxd4 {[%cal Bc3d4,Bd4d5][%mdl 32]} ({Much worse is} 19. Bxd4 $6 Bxd4 20. Nxd4 Nf4 $11) 19... d5 20. Nxb6 {[#] Black must now prevent e5.} dxe4 21. Bxe4 Nxe4 22. d5 $1 {[%cal Rd5e6]} Bf5 23. dxc6 {Strongly threatening Rxd8.} Ne7 24. Rxd8 Rxd8 25. Qb2 {[#] aiming for Qe5.} Nxc6 {White is slightly better.} 26. Bxh6 {[%csl Gh6][%cal Rb2g7]} f6 27. Be3 Rd3 28. Nc4 Qd7 29. Nh4 Bh7 {Precision: White = 74%, Black = 64%.} 1/2-1/2

[Event "EICC 2019"]
[Site "Skopia"]
[Date "2019.03.24"]
[Round "6.12"]
[White "Zvjaginsev, Vadim"]
[Black "Azarov, Sergei"]
[Result "1-0"]
[WhiteElo "2642"]
[BlackElo "2585"]
[Annotator "TA"]
[PlyCount "85"]
[EventDate "2019.03.18"]
[EventType "swiss"]
[EventCountry "MKD"]
[SourceTitle "playchess.com"]
[Source "ChessBase"]
[SourceQuality "1"]

{[%evp 9,85,0,0,0,0,0,-2,-7,-10,-14,-14,-16,-2,-27,-19,-25,-21,-25,-13,-27,0,0,0,0,15,7,40,40,40,22,37,22,26,0,0,0,0,0,0,0,0,0,0,3,10,7,15,18,35,3,39,49,148,143,323,326,499,122,204,203,199,187,172,80,63,86,93,93,134,100,213,213,199,194,339,333,1141,1128]} 1. Nf3 Nf6 2. g3 d5 3. Bg2 e6 4. O-O c5 5. d3 Nc6 6. Bf4 {A08: King's Indian Attack} (6. Nbd2 Be7 7. e4 O-O 8. Re1 b5 9. a4 b4 10. exd5 Nxd5 11. Nc4 Bb7 12. Bd2 Rc8 13. h4 h6 14. Kh2 Bf6 15. Re2 Nb6 16. Nxb6 Qxb6 17. Rb1 Ne7 {0-1 (42) Miroshnichenko,E (2606)-Sevian,S (2641) Saint Louis 2018}) 6... Bd6 7. Bxd6 Qxd6 8. Nbd2 {The position is equal.} e5 9. e4 d4 10. c3 $146 ({Predecessor:} 10. Nc4 Qc7 11. h3 b5 12. Ncxe5 Nxe5 13. Nxe5 Qxe5 {1-0 (48) Link,K-Hassler,H Unterfranken 1987}) 10... Be6 11. Ng5 O-O 12. Nxe6 Qxe6 13. c4 Ne8 14. f4 Nd6 15. a3 a5 16. Qh5 a4 17. f5 Qh6 18. Qxh6 gxh6 19. f6 Rfd8 20. Bh3 Ne8 21. Rf5 Rd6 $1 22. Raf1 Ra6 {[%cal Ba8a6,Ba6b6,Bb6b2][%mdl 32]} 23. R1f2 Rb6 24. Nf3 Rxf6 25. Nxe5 Rxf5 26. Rxf5 Nd6 27. Rh5 $36 {[%mdl 2048] White is pushing.} Ne7 28. Nd7 Rxb2 29. e5 Nxc4 30. dxc4 b5 (30... d3 $14) 31. cxb5 $16 {Threatens to win with Bf1.} (31. Nxc5 $6 bxc4 32. Bd7 (32. Rxh6 $2 c3 $17) 32... c3 $11) 31... c4 $2 {[#]} (31... d3 $16) 32. e6 $1 $18 {[%cal Re6f7]} (32. Rxh6 c3 $17) 32... f5 (32... c3 $142 33. exf7+ (33. Rxh6 $2 c2 $19) 33... Kxf7) 33. Ne5 $2 (33. Bxf5 $18 {aiming for b6.} d3 34. Kf1) 33... c3 (33... Rb1+ $16 34. Kg2 Rb2+ 35. Kf3 Rb3+ 36. Kf2 c3 37. Bxf5 Rxb5) 34. Bxf5 ({Don't go for} 34. Rxh6 $2 c2 $19) 34... Rxb5 35. Bd3 Rb2 36. Nf3 (36. Rh4 $18 {has better winning chances.} c2 {[#]} 37. Bxc2 $1 {[%mdl 512]} Rxc2 38. Rxd4) 36... c2 $16 37. Bxc2 $1 Rxc2 38. Nxd4 $14 {KRN-KRN} Ra2 39. Nf5 ({Don't play} 39. Rxh6 $6 Rxa3 40. Rh5 Rd3 $14) 39... Ng6 (39... Kf8 $16 {was necessary.}) 40. e7 $18 ({Resist} 40. Rxh6 Re2) 40... Re2 41. Rxh6 Re5 (41... Nxe7 $142 42. Nxe7+ Rxe7) 42. Rh5 Kh8 $2 {[#]} (42... Re2 43. Kf1 Re6) 43. Nh4 $1 {[%mdl 512] Accuracy: White = 65%, Black = 40%.} 1-0

[Event "EICC 2019"]
[Site "Skopia"]
[Date "2019.03.24"]
[Round "6.13"]
[White "Christiansen, Johan-Sebastian"]
[Black "Lysyj, Igor"]
[Result "1/2-1/2"]
[WhiteElo "2539"]
[BlackElo "2635"]
[Annotator "TA"]
[PlyCount "59"]
[EventDate "2019.03.18"]
[EventType "swiss"]
[EventCountry "MKD"]
[SourceTitle "playchess.com"]
[Source "ChessBase"]
[SourceQuality "1"]

{[%evp 9,59,17,16,0,6,0,7,28,27,20,11,7,8,10,16,0,6,0,0,0,0,0,0,0,0,0,0,3,12,0,7,4,39,23,43,19,22,6,34,0,0,0,0,0,0,0,0,0,0,0,0,0]} 1. e4 e5 2. Nf3 Nc6 3. Bb5 Nf6 4. O-O Nxe4 5. Re1 Nd6 6. a4 {C67: Ruy Lopez: Berlin Defence: 4 0-0 Nxe4} (6. Nxe5 Be7 7. Bf1 Nxe5 8. Rxe5 O-O 9. d4 Bf6 10. Re1 Re8 11. c3 Rxe1 12. Qxe1 Nf5 13. Bf4 d6 14. Nd2 Be6 15. Ne4 Be7 16. Qd2 c6 17. Bd3 Qd7 18. Ng5 Bxg5 19. Bxg5 h6 20. Bf4 g5 21. Bxf5 Bxf5 22. Bg3 d5 23. Re1 {½-½ (23) Nepomniachtchi,I (2763)-Radjabov,T (2757) Wijk aan Zee 2019}) 6... Be7 7. Nc3 e4 8. Nxe4 Nxe4 9. Rxe4 O-O 10. d4 d5 11. Re3 $146 ({Predecessor:} 11. Re1 Bg4 12. Bxc6 bxc6 13. h3 Bh5 {½-½ (35) Kollars,D (2540)-Rostgaard,T (2416) Esbjerg 2018}) 11... Bd6 12. Bxc6 bxc6 13. Ne5 c5 14. c3 f6 15. Nc6 Qd7 16. dxc5 Bxc5 17. Nd4 Bb7 18. b4 Bd6 19. Qd3 Rfe8 20. Bd2 Rxe3 21. Bxe3 a6 22. a5 Re8 23. Rb1 Bf8 24. Bf4 c5 {The position is equal.} 25. bxc5 Bxc5 26. h3 Bc8 27. Nb3 Ba7 28. Nd4 Bc5 29. Nb3 Ba7 30. Nd4 {Accuracy: White = 53%, Black = 77%.} 1/2-1/2

[Event "EICC 2019"]
[Site "Skopia"]
[Date "2019.03.24"]
[Round "6.14"]
[White "Ivic, Velimir"]
[Black "Gledura, Benjamin"]
[Result "0-1"]
[WhiteElo "2487"]
[BlackElo "2630"]
[Annotator "TA"]
[PlyCount "80"]
[EventDate "2019.03.18"]
[EventType "swiss"]
[EventCountry "MKD"]
[SourceTitle "playchess.com"]
[Source "ChessBase"]
[SourceQuality "1"]

{[%evp 20,80,22,13,13,6,25,6,6,4,7,10,6,10,7,0,0,0,0,0,10,0,26,26,25,0,0,0,0,0,0,0,22,0,0,0,0,0,0,0,0,-7,0,0,0,-7,0,0,13,16,2,0,8,20,78,-503,-490,-852,-851,-29989,-29990,-29994,-194]} 1. e4 c5 2. Nf3 Nc6 3. d4 cxd4 4. Nxd4 Nf6 5. Nc3 e5 6. Ndb5 d6 7. Bg5 a6 8. Na3 b5 {[%cal Bb7b5,Bb5b4][%mdl 32]} 9. Nd5 Be7 10. Bxf6 Bxf6 11. c4 b4 {B33: Sicilian: Pelikan and Sveshnikov Variations} 12. Nc2 O-O (12... a5 13. g3 {½-½ (13) Nepomniachtchi,I (2763)-Carlsen,M (2835) St Petersburg 2018}) 13. g3 Bg5 {The position is equal.} 14. Bg2 a5 15. O-O Ne7 16. Nxe7+ Bxe7 17. Qd3 Be6 18. Ne3 $146 ({Predecessor:} 18. b3 Qb6 19. Kh1 Bd8 20. f4 f6 {1-0 (38) Zawadzka,J (2378)-Bujnoch,R (2234) Pardubice 2006}) 18... Qb6 19. Nf5 Ra7 (19... Rfe8 {is interesting.} 20. Rfd1 Bf8 21. Ne3 a4 22. Nd5 Qc5) 20. Rad1 Rd8 (20... Bd8 {is more complex.} 21. b3 Rd7 22. h4 Qb8 23. Qd2 Bb6) 21. Nxe7+ Rxe7 22. b3 a4 23. Qe2 Ra7 24. Rd3 axb3 25. axb3 Rda8 26. Qd2 Ra6 27. Rd1 {[%cal Rd3d6]} h6 28. Bf3 {[%cal Rd3d6]} ({But not} 28. Rxd6 $2 Qxd6 29. f4 (29. Qxd6 $2 {loses.} Rxd6 30. Rb1 Rd2 $19) 29... Qc5+ 30. Qf2 Qxf2+ 31. Kxf2 Ra2+ 32. Kg1 Bxc4 $1 $19 {[%mdl 512]}) 28... Ra2 29. Qe1 $1 R8a6 30. R1d2 ({Don't play} 30. Rxd6 Qxd6 31. Rxd6 Rxd6 $17) 30... Bh3 31. Rxa2 Rxa2 32. Rd2 Ra3 33. Rd3 Kf8 34. g4 {Black must now prevent Bd1.} h5 35. gxh5 {Black should prevent Bd1.} Ra2 $40 {[%mdl 128] Black has some attack.} 36. Be2 {Strongly threatening h6.} Qa7 (36... Bc8 $11 {remains equal.}) 37. Rxd6 $2 {[%mdl 8192]} (37. Bd1 $16) 37... Qe7 $19 {( -> ...Qg5+)} 38. Rd3 {[#]} (38. Bf1 $142 Qxd6 39. Bxh3) 38... Rxe2 $1 {[%cal Re2e1][%mdl 512]} 39. Qd1 {[#]} (39. Qxe2 Qg5+) 39... Qf6 $1 {[%mdl 512]} 40. Rf3 {[#]} Re1+ $1 {[%mdl 512] Accuracy: White = 54%, Black = 68%.} 0-1